000 00743nam a2200253 a 4500
001 54263
003 BD-RjUL
005 20211209080108.0
008 111605s1967 enk b 001 0 eng
035 _a(BD-RjUL)54385
040 _aDLC
_cDLC
_dDLC
_dBD-RjUL
_beng
041 _aeng
082 0 0 _a821.8
_223
_bBRC 1967
100 1 _aBrowning, Robert,
_d1812-1889.
_9161403
245 1 2 _aA choice of Browning's verse /
_cselected with an introduction by Edward Lucie-Smith.
260 _aLondon :
_bFaber,
_cc1967
300 _a166 p. ;
_c21 cm.
504 _aBibliography: p. 30.
650 _a Advertising -- Books.
_9161951
700 2 _aLucie-Smith, Edward,
_eed.
_9161952
942 _2ddc
_cBK
999 _c54263
_d54263